[Event "Olympiad Women 2024"]
[Site "Budapest HUN"]
[Date "2024.09.18"]
[Round "7.25"]
[Board "4"]
[White "Almaamari, Zainab Darwish"]
[Black "Kochavi, Dana"]
[Result "0-1"]
[WhiteElo "1661"]
[BlackElo "2009"]
[PlyCount "82"]
[EventDate "2024.09.11"]
[WhiteTeam "United Arab Emirates"]
[BlackTeam "Israel"]
[WhiteTeamCountry "UAE"]
[BlackTeamCountry "ISR"]

1. e4 c5 2. Nf3 Nc6 3. d4 cxd4 4. Nxd4 Nf6 5. Nc3 e5 6. Ndb5 d6 7. Nd5 Nxd5 8. exd5 Nb8 9. c4 Nd7 10. Be2 Be7 11. O-O a6 12. Nc3 O-O 13. b4 ({RR} 13. Rb1 f5 14. b4 e4 15. c5 Ne5 16. Bb2 Bd7 17. a4 Bf6 18. Rc1 Kh8 19. Ba3 Ng6 20. f4 exf3 21. Bxf3 Ne5 22. Qb3 Rc8 23. Be2 Bg5 24. Rcd1 dxc5 25. bxc5 Be3+ 26. Kh1 Bxc5 27. d6 Bxa3 {½-½ Polgar,J (2708)-Karjakin,S (2694) World Cup blindfold rapid 2007 (3)}) ({RR} 13. Kh1 f5 14. f4 Kh8 15. Qc2 b6 16. Be3 exf4 17. Bxf4 Ne5 18. Rad1 Qc7 19. Qb3 Bd7 20. Nb1 Bf6 21. Na3 Rab8 22. Rc1 Rfe8 23. Qb4 Re7 24. Rfd1 Qc5 25. Qd2 Ng6 26. Bg3 f4 27. Be1 Qe3 {0-1 Forgues,F (2146)-Lamoureux,I (2095) FRA-chT2 East 0708 2007 (7.4)}) 13... f5 14. c5 Bf6 $146 ({RR} 14... Qc7 15. c6 bxc6 16. dxc6 Qxc6 17. Qb3+ Kh8 18. b5 axb5 19. Bxb5 Qb7 20. a4 Nc5 21. Qd5 Qb8 22. Rb1 Be6 23. Qd1 Qd8 24. Qe2 Nb3 25. Rd1 Rc8 26. Bb2 Nd4 27. Rxd4 exd4 28. Nd1 Ba2 29. Ra1 {0-1 Braso,J (2262)-Donatti,A (2215) URU-chT 30th 2003 (1)}) 15. c6 Nb8 16. Ba3 Kh8 17. Qa4 bxc6 18. dxc6 Be6 19. Nb5 Nxc6 20. Nxd6 Qxd6 21. b5 Qd4 22. Qc2 Nb4 23. Bxb4 Qxb4 24. Rab1 Qe7 25. b6 Qb7 26. Qc7 Bd5 27. Rfc1 Rf7 28. Qxb7 Rxb7 29. Rc7 Rab8 30. Rc5 Bg8 31. Rc6 Bxa2 32. Bxa6 Bxb1 33. Bxb7 Bd8 34. Rc8 Rxc8 35. Bxc8 Bxb6 36. g3 g6 37. Kg2 Kg7 38. f3 Bd3 39. Bb7 e4 40. f4 e3 41. Bc8 e2 0-1

[Event "Olympiad Women 2024"]
[Site "Budapest HUN"]
[Date "2024.09.18"]
[Round "7.26"]
[Board "1"]
[White "Cramling, Pia"]
[Black "Perez Rodriguez, Jennifer"]
[Result "1-0"]
[WhiteElo "2425"]
[BlackElo "2224"]
[PlyCount "91"]
[EventDate "2024.09.11"]
[WhiteTeam "Sweden"]
[BlackTeam "Paraguay"]
[WhiteTeamCountry "SWE"]
[BlackTeamCountry "PAR"]

1. d4 d5 2. c4 e6 3. Nf3 Nf6 4. Nc3 dxc4 5. e3 a6 6. Bxc4 b6 7. O-O Bb7 8. Qe2 Nbd7 9. e4 b5 10. Bd3 $146 ({RR} 10. Bb3 b4 11. e5 bxc3 12. exf6 Nxf6 13. bxc3 Bd6 14. Bg5 O-O 15. Ne5 Be7 16. Rab1 a5 17. Bxe6 fxe6 18. Rxb7 Qd6 19. Rfb1 Nd5 20. Bxe7 Qxe7 21. Qd2 Nf4 22. Nd3 Ng6 23. Qe3 Nh4 24. Nc5 Rae8 {0-1 Bilan,D (2303)-Goryachkina,A (2553) Titled Tue 20th Feb Late 2024 (4)}) 10... c5 11. d5 c4 12. Bc2 e5 13. a4 b4 14. Nd1 Qc7 15. Ne3 Rc8 16. Nd2 c3 17. bxc3 bxc3 18. Ndc4 a5 19. Na3 Bb4 20. Nb5 Qb6 21. Nc4 Qa6 22. Ba3 O-O 23. Rfb1 Nb6 24. Bxb4 axb4 25. Ncd6 Rc5 26. Rxb4 Ba8 27. Nf5 g6 28. Ne3 Qa5 29. Rab1 Nbd7 30. Nc4 Qd8 31. Nxc3 Nh5 32. g3 Qg5 33. h4 Qe7 34. Nd1 Ng7 35. Nde3 f5 36. Nb6 f4 37. Nf1 f3 38. Qd2 Nh5 39. d6 Qd8 40. Bb3+ Kg7 41. Nxa8 Qxa8 42. Be6 Nhf6 43. Rb7 Qxa4 44. Bxd7 Nxd7 45. R1b4 Qc6 46. Rc7 1-0

[Event "Olympiad Women 2024"]
[Site "Budapest HUN"]
[Date "2024.09.18"]
[Round "7.26"]
[Board "2"]
[White "Vargas, Gabriela"]
[Black "Agrest, Inna"]
[Result "0-1"]
[WhiteElo "2109"]
[BlackElo "2197"]
[PlyCount "98"]
[EventDate "2024.09.11"]
[WhiteTeam "Paraguay"]
[BlackTeam "Sweden"]
[WhiteTeamCountry "PAR"]
[BlackTeamCountry "SWE"]

1. d4 Nf6 2. Nf3 g6 3. e3 Bg7 4. Be2 O-O 5. O-O d6 6. c4 c6 7. Nc3 Re8 8. b4 ({RR} 8. b3 Qa5 9. Bb2 e5 10. a3 e4 11. b4 Qc7 12. Nd2 h5 13. Qc2 Bf5 14. Rfc1 Nbd7 15. c5 d5 16. b5 Nf8 17. bxc6 bxc6 18. Na2 Ne6 19. Qa4 Ng5 20. Nb4 Re6 21. Na6 Qc8 22. Bc3 Ng4 {½-½ Hillmann,M (2160)-Stolz,M (2384) Oberliga Ost-A 1011 2010 (11.2)}) 8... e5 $146 ({RR} 8... a5 9. b5 e5 10. a4 e4 11. Nd2 c5 12. Bb2 b6 13. dxc5 dxc5 14. Qc2 Bb7 15. Rad1 Qe7 16. Kh1 Nbd7 17. f3 exf3 18. Bxf3 Bxf3 19. Nxf3 Rad8 20. Rfe1 Nf8 21. Rxd8 Qxd8 22. e4 Ng4 23. Nd5 {½-½ Kiefer,K (1978)-Mueller,J (2166) Baden-ch MA Ottenau 2005 (4)}) ({RR} 8... Qc7 9. Bb2 e5 10. Qc2 Bf5 11. Qb3 Nbd7 12. Rfc1 Qd8 13. a4 e4 14. Nd2 h5 15. b5 Nh7 16. a5 c5 17. Nd5 cxd4 18. Bxd4 Nc5 19. Bxg7 Kxg7 20. Qc3+ f6 21. a6 b6 22. Nb3 h4 23. h3 {1-0 Ogloblin,N (2346)-Prohorov,O (2086) Titled Tuesday intern op 12th Jan blitz 2021 (6)}) ({RR} 8... Nbd7 9. a4 e5 10. Ba3 e4 11. Nd2 Nf8 12. b5 h5 13. Qc2 Bf5 14. a5 a6 15. bxc6 bxc6 16. Rab1 Qc7 17. Qa4 N8d7 18. c5 d5 19. h3 Bh6 20. Kh1 Kg7 21. Rfc1 Rh8 22. Na2 Rh7 23. Rb6 {½-½ Khairullin,I (2339)-Diamant,A (2159) Wch U12 Heraklion 2002 (5)}) 9. a4 e4 10. Nd2 h5 11. Ba3 Bf5 12. b5 h4 13. h3 Nh7 14. Bg4 c5 15. Nb3 Nd7 16. Nd5 Nb6 17. Bxf5 gxf5 18. dxc5 Nxc4 19. Ra2 Nxa3 20. Rxa3 dxc5 21. a5 c4 22. Na1 Qd6 23. Nc2 Rad8 24. Nc3 Qc5 25. Qc1 Rd3 26. Ne2 Qxb5 27. Ncd4 Qd7 28. Rc3 Rxc3 29. Qxc3 Rc8 30. Rb1 Nf6 31. Qb4 Rc7 32. Qb5 c3 33. Qxd7 Nxd7 34. Nxf5 c2 35. Rf1 Bb2 36. Nc1 Nc5 37. Nd4 Bxd4 38. exd4 Nd3 39. f3 Nxc1 40. Rxc1 e3 41. Kf1 b5 42. axb6 axb6 43. d5 Kf8 44. f4 Ke7 45. g3 hxg3 46. h4 b5 47. h5 b4 48. h6 b3 49. h7 Rc8 0-1

[Event "Olympiad Women 2024"]
[Site "Budapest HUN"]
[Date "2024.09.18"]
[Round "7.26"]
[Board "3"]
[White "Cramling Bellon, Anna"]
[Black "Oviedo Acosta, Paula"]
[Result "0-1"]
[WhiteElo "2066"]
[BlackElo "1790"]
[PlyCount "138"]
[EventDate "2024.09.11"]
[WhiteTeam "Sweden"]
[BlackTeam "Paraguay"]
[WhiteTeamCountry "SWE"]
[BlackTeamCountry "PAR"]

1. d4 {Primel,Dominique} Nf6 2. c4 e6 3. Nc3 Bb4 4. e3 d6 5. Nf3 O-O 6. Qc2 ({RR} 6. Bd3) 6... Re8 7. Bd2 Nbd7 8. a3 Bxc3 9. Bxc3 b6 $146 ({RR} 9... a5 10. Be2 e5 11. dxe5 dxe5 12. O-O b6 13. b4 axb4 14. axb4 Bb7 15. Rxa8 Bxa8 16. Rd1 Qe7 17. Qa4 Qe6 18. Ra1 Bxf3 19. gxf3 Qf5 20. Qd1 Nf8 21. Qb1 Qh5 22. Qf1 ({RR} 22. Ra7) 22... Re6 23. Kh1 N6d7 24. f4 {½-½ Tartakower,S-Rossolimo,N Match Rossolimo-Tartakower +1-1=8 1948 (6)}) 10. b4 Bb7 11. Be2 Ne4 12. Bb2 c5 13. O-O Rc8 14. Rfd1 f5 15. dxc5 bxc5 16. Nd2 Ndf6 17. f3 Ng5 18. Nb3 Qc7 19. Qd2 Nf7 20. bxc5 dxc5 21. a4 Ba8 22. Ba3 Red8 23. Qa5 Qe5 24. Bxc5 Qb2 25. Rxd8+ Nxd8 26. Bd1 Nb7 27. Qa6 Rxc5 28. Qxe6+ Kh8 29. Nxc5 Qxa1 30. Qc8+ Ng8 31. Nxb7 Qxd1+ 32. Kf2 Qd2+ 33. Kf1 Qc1+ 34. Kf2 Qb2+ 35. Kg3 Bxb7 36. Qxf5 Qb4 37. Qd7 Qe1+ 38. Kh3 Ba6 39. Qxa7 Bc8+ 40. g4 Qf1+ 41. Kg3 Qg1+ 42. Kh3 h5 43. Qd4 hxg4+ 44. fxg4 Bb7 45. Qf4 Nf6 46. g5 Bc8+ 47. Kh4 Qg4+ 48. Qxg4 Nxg4 49. Kg3 Nxe3 50. c5 Bb7 51. Kf4 Nc4 52. g6 Bc6 53. h4 Bxa4 54. h5 Bd1 55. Kg5 Ne5 56. h6 Nf3+ 57. Kh5 Nd4+ 58. Kg5 Ne6+ 59. Kf5 gxh6 60. Kxe6 Kg7 61. Kf5 Ba4 62. Kg4 Kxg6 63. Kh4 Bd7 64. Kg3 Kg5 65. Kh2 Kg4 66. Kg2 h5 67. Kh2 h4 68. Kg2 Bc6+ 69. Kh2 h3 0-1

[Event "Olympiad Women 2024"]
[Site "Budapest HUN"]
[Date "2024.09.18"]
[Round "7.26"]
[Board "4"]
[White "Mayeregger Gonzalez, Fiorella Allegra"]
[Black "Valcu, Lavinia"]
[Result "0-1"]
[WhiteElo "1796"]
[BlackElo "2076"]
[PlyCount "136"]
[EventDate "2024.09.11"]
[WhiteTeam "Paraguay"]
[BlackTeam "Sweden"]
[WhiteTeamCountry "PAR"]
[BlackTeamCountry "SWE"]

1. e4 e5 2. Nc3 Nf6 3. g3 d5 4. exd5 Nxd5 5. Bg2 Nxc3 6. bxc3 Nc6 7. Nf3 Bd6 8. O-O O-O 9. d3 f6 ({RR} 9... h6 10. Rb1 Rb8 11. Re1 Re8 12. h3 Be6 13. a4 Qd7 14. Kh2 b6 15. d4 exd4 16. cxd4 Bd5 17. Be3 Na5 18. Qd3 Qc6 19. Bd2 Nc4 20. Rb5 Nxd2 21. Qxd2 Bxf3 22. d5 Qc4 23. Bxf3 Qxa4 24. Rb3 {0-1 Hou,Y (2650)-Radjabov,T (2747) Chess.com Rapid CGC KO 2022 (1.4)}) ({RR} 9... Rb8 10. Ng5 Bf5 11. Rb1 Qd7 12. Ne4 Be7 13. f4 b6 14. Kh1 exf4 15. gxf4 Nd8 16. Ng3 Bg4 17. Qd2 Bd6 18. Rg1 g6 19. Qf2 Ne6 20. f5 Bxg3 21. Qxg3 Bxf5 22. Bh6 Rfe8 23. Rbf1 Ng7 24. Qg5 {0-1 Yeletsky,I (2494)-Sarana,A (2668) Titled Tue 3rd Jan Early 2023 (6)}) 10. h3 $146 ({RR} 10. Rb1 Rb8 11. Re1 Be6 12. c4 Qd7 13. Be3 b6 14. Qd2 Ne7 15. Qc3 c5 16. Nd2 Rbe8 17. Ne4 Nc6 18. Nxd6 Qxd6 19. f4 Nd4 20. Bxd4 exd4 21. Qa3 Qd7 22. Qa6 Re7 23. a4 Rb8 24. a5 Bf7 {1-0 Tatar Kis,S (2376)-Egri,L (2196) Nyiregyhaza op 1999 (2)}) ({RR} 10. Nd2 Ne7 11. Ne4 c6 12. Nxd6 Qxd6 13. a4 Be6 14. Ba3 Qd7 15. Re1 Rfe8 16. Qd2 Bd5 17. f3 Rac8 18. Bc5 b6 19. Bf2 c5 20. Be3 Qb7 21. Qf2 Nc6 22. Bd2 c4 23. Reb1 Na5 24. Rb4 Rc7 {½-½ Ahmann,N-Weissenborn,M Bad Aibling op 46th 1997 (2)}) ({RR} 10. Rb1) 10... Be6 11. Re1 Qd7 12. Kh2 Rad8 13. d4 Bd5 14. Be3 exd4 15. Nxd4 Bxg2 16. Kxg2 Nxd4 17. cxd4 Bb4 18. Re2 Bc3 19. Rb1 Qd5+ 20. Kh2 c5 21. Rb5 a6 22. Rb3 cxd4 23. Bd2 Bxd2 24. Rxd2 Rd7 25. Rbd3 Qxa2 26. Rxd4 Rxd4 27. Rxd4 Qe6 28. Rd6 Qe4 29. Rd4 Qc6 30. Rd6 Qc5 31. Qd2 Rc8 32. Rd7 b5 33. Rd5 Qc4 34. Rd4 Qc5 35. Rd5 Qf8 36. Rd7 b4 37. Rd4 a5 38. Kg2 Rb8 39. Rd7 a4 40. Qd5+ Kh8 41. Qa5 b3 42. cxb3 axb3 43. Qe1 b2 44. Rd1 Qe8 45. Qxe8+ Rxe8 46. Rb1 Rb8 47. Kf3 Kg8 48. Ke4 Kf7 49. Kd3 Ke6 50. Kc3 Kf5 51. f3 h5 52. h4 g5 53. hxg5 fxg5 54. Kd2 h4 55. g4+ Kf4 56. Ke2 Rb3 57. Kf2 Rxf3+ 58. Kg2 Rb3 59. Kh2 Kxg4 60. Kg2 Kf4 61. Rf1+ Ke4 62. Re1+ Kd3 63. Kf2 b1=Q 64. Re3+ Kd4 65. Re8 Rb2+ 66. Re2 Qf5+ 67. Ke1 Rb1+ 68. Kd2 Qd3# 0-1

[Event "Olympiad Women 2024"]
[Site "Budapest HUN"]
[Date "2024.09.18"]
[Round "7.27"]
[Board "1"]
[White "Pipiras, Filipa Fortuna"]
[Black "Rivera, Ingris"]
[Result "1/2-1/2"]
[WhiteElo "2187"]
[BlackElo "2171"]
[PlyCount "137"]
[EventDate "2024.09.11"]
[WhiteTeam "Portugal"]
[BlackTeam "Colombia"]
[WhiteTeamCountry "POR"]
[BlackTeamCountry "COL"]

1. d4 Nf6 2. c4 g6 3. Nc3 Bg7 4. e4 d6 5. Be2 O-O 6. Be3 Na6 7. h4 h5 ({RR} 7... c5 8. d5 e6 9. dxe6 Bxe6 10. h5 Nb4 11. hxg6 fxg6 12. Qd2 Re8 13. Nh3 Bxh3 14. Rxh3 Qe7 15. f3 Nc6 16. O-O-O Rad8 17. Rdh1 Qf7 18. Bg5 Rd7 19. Nd5 Qf8 20. Kb1 Nd4 21. Bxf6 Bxf6 22. Bd3 {1-0 Martirosyan,H (2675)-Grischuk,A (2745) Satty Zhuldyz Rapid 2023 (5.5)}) ({RR} 7... c5 8. d5 h5 9. f3 e6 10. dxe6 Bxe6 11. Nh3 Qe7 12. Nf4 Bd7 13. Qd2 Rfd8 14. Rd1 Be8 15. Nfd5 Nxd5 16. Nxd5 Qe5 17. b3 Bc6 18. Bf4 Qe6 19. Bg5 Rd7 20. Be3 Qe8 21. O-O Bxd5 22. cxd5 {1-0 Pipiras,F (1939)-Dahampriya,H (1629) World ol U16 2019 (4.21)}) 8. Nf3 Ng4 9. Bg5 c5 10. d5 $146 ({RR} 10. O-O cxd4 11. Nxd4 Nc5 12. Qd2 Ne6 13. Nxe6 Bxe6 14. Rad1 Rc8 15. b3 Re8 16. Bxg4 Bxg4 17. f3 Be6 18. Be3 Qa5 19. Bd4 Bxd4+ 20. Qxd4 Qc5 21. Rf2 a6 22. Qxc5 Rxc5 23. a4 Kg7 24. Rfd2 Rec8 {½-½ Woodward,A (2501)-Ajay,K (2401) Titled Tue 6th Feb Early 2024 (1)}) 10... Re8 11. Qd2 Nc7 12. Nh2 Nxh2 13. Rxh2 Bd7 14. f3 Qc8 15. O-O-O b5 16. g4 hxg4 17. fxg4 b4 18. Nb1 Bxg4 19. h5 Bxe2 20. Qxe2 e6 21. hxg6 fxg6 22. Qg4 Qd7 23. Bh6 Qf7 24. Rg1 Be5 25. Rhg2 exd5 26. Qh5 Qh7 27. Rg3 g5 28. Rxg5+ Kh8 29. Rg7 Bf4+ 30. Kd1 Qxh6 31. Qxh6+ Bxh6 32. Rxc7 dxe4 33. Rg6 Bf8 34. Rg4 Re7 35. Rxe7 Bxe7 36. Rxe4 Bf6 37. Kc2 a5 38. Nd2 Kg7 39. Nf3 a4 40. Re6 Rd8 41. Nd2 Kf7 42. Re2 Rh8 43. Ne4 Be7 44. Kd3 Rh1 45. Kc2 Ra1 46. Rf2+ Ke6 47. Re2 Kd7 48. Rd2 Kc6 49. Rd1 b3+ 50. axb3 axb3+ 51. Kd2 Rxd1+ 52. Kxd1 d5 53. cxd5+ Kxd5 54. Nxc5 Kxc5 55. Kc1 Kc4 56. Kb1 Kd3 57. Kc1 Bg5+ 58. Kb1 Bf6 59. Kc1 Bg5+ 60. Kb1 Bd2 61. Ka1 Ke2 62. Kb1 Kd1 63. Ka1 Bc3 64. Kb1 Kd2 65. bxc3 Kxc3 66. Kc1 Kc4 67. Kb2 Kb4 68. Kb1 Ka4 69. Kb2 1/2-1/2

[Event "Olympiad Women 2024"]
[Site "Budapest HUN"]
[Date "2024.09.18"]
[Round "7.27"]
[Board "2"]
[White "Chirivi C, Jenny Astrid"]
[Black "Silva, Mariana"]
[Result "1/2-1/2"]
[WhiteElo "2120"]
[BlackElo "2005"]
[PlyCount "31"]
[EventDate "2024.09.11"]
[WhiteTeam "Colombia"]
[BlackTeam "Portugal"]
[WhiteTeamCountry "COL"]
[BlackTeamCountry "POR"]

1. d4 d5 2. c4 e6 3. Nc3 a6 4. Nf3 dxc4 5. a4 Nc6 6. e4 Na5 7. Be3 Bb4 ({RR} 7... c6 8. Ne5 b5 9. Qf3 Nf6 10. Nxf7 Kxf7 11. e5 Bb7 12. Be2 c5 13. d5 exd5 14. exf6 g6 15. axb5 axb5 16. Nxb5 Bc6 17. Nc3 d4 18. Ne4 h6 19. O-O Qd5 20. Bd2 d3 21. Bd1 Qxe4 22. Qxe4 {0-1 Li,D (2450)-Li,C (2725) CHN-chT Hangzhou 2018 (8.1)}) 8. Ne5 Nf6 9. Qf3 $146 ({RR} 9. Qc2 O-O 10. Nxc4 Nxc4 11. Bxc4 Ng4 12. O-O Nxe3 13. fxe3 b6 14. Rf4 Bb7 15. Raf1 c5 16. Rxf7 Rxf7 17. Bxe6 cxd4 18. Rxf7 Kh8 19. Nd5 Bxd5 20. exd5 dxe3 21. Qe4 Bc5 22. b4 Bd6 23. h4 Bg3 {1-0 Garnett,J (1939)-O'Gorman,B (1880) Harrogate 4NCL op-B 27th 2022 (2)}) ({RR} 9. f3 b5 10. axb5 axb5 11. Be2 Bb7 12. O-O Nb3 13. Rxa8 Qxa8 14. Nxb5 O-O 15. Bxc4 Na5 16. Qd3 Nxc4 17. Qxc4 Bd6 18. Nxc7 Rc8 19. Nxa8 Rxc4 20. Nxc4 {1-0 Brown,A (2279)-Cardozo,C (2043) Titled Tue 16th Apr Early 2024 (8)}) ({RR} 9. Qc2 O-O 10. Nxc4 Ng4 11. Rd1 Nxe3 12. Nxe3 Qe7 13. Be2 c5 14. d5 exd5 15. Nexd5 Qg5 16. O-O Nc6 17. f4 Qh4 18. f5 Nd4 19. Qd3 Bxc3 20. bxc3 Nxe2+ 21. Qxe2 b5 22. axb5 axb5 23. Nc7 Ra4 {0-1 Souhili Faouzi-Perea Fruet,F (1666) I Navidad Diagonal Open 2022 (3.45)}) 9... Nb3 10. Rd1 b5 11. d5 Qd6 12. Bf4 Qc5 13. Be3 Qd6 14. Bf4 Qc5 15. Be3 Qd6 16. Bf4 1/2-1/2

[Event "Olympiad Women 2024"]
[Site "Budapest HUN"]
[Date "2024.09.18"]
[Round "7.27"]
[Board "3"]
[White "Silva, Ana Ines Teixeira Da"]
[Black "Mogollon Tobar, Nicolle Julieth"]
[Result "0-1"]
[WhiteElo "1925"]
[BlackElo "2045"]
[PlyCount "94"]
[EventDate "2024.09.11"]
[WhiteTeam "Portugal"]
[BlackTeam "Colombia"]
[WhiteTeamCountry "POR"]
[BlackTeamCountry "COL"]

1. e4 c6 2. d4 d5 3. exd5 cxd5 4. c4 Nf6 5. Nc3 Nc6 6. Nf3 Bg4 7. cxd5 Nxd5 8. Qb3 Bxf3 9. gxf3 e6 10. Qxb7 Nxd4 11. Bb5+ Nxb5 12. Qc6+ Ke7 13. Qc5+ Nd6 14. Nxd5+ exd5 15. O-O h6 16. Qxd5 Kf6 17. Bf4 ({RR} 17. Rd1 Qe8 18. Bf4 Nf5 19. Re1 Rd8 20. Qc4 Rc8 21. Bc7 Qd7 22. Be5+ Kg6 23. Qg4+ Kh7 24. Rad1 Qe6 25. Bxg7 Rg8 26. Rxe6 fxe6 27. Qe4 Rxg7+ 28. Kf1 Re8 29. Rc1 Bd6 30. h3 Reg8 31. Rc6 Rg6 {0-1 Chkhaidze,N (2265)-Meers,H (2250) Ostravsky Konik Open A 2024 (9.3)}) 17... Kg6 18. Rad1 $146 ({RR} 18. Rfd1 Kh7 19. Bxd6 Bxd6 20. Qxd6 Qg5+ 21. Qg3 Qf6 22. Qg4 Rhe8 23. Rd4 Rab8 24. Qf4 Qg6+ 25. Kh1 Rxb2 26. Rg1 Rb1 27. Rdd1 Rxd1 28. Rxd1 Re2 29. Rg1 Qh5 30. Rg4 Rxa2 31. Qd4 g5 32. Kg2 Qg6 {½-½ Nguyen Thanh Thuy Tien (2117)-Kushko,D (2431) FSIM November 2023 (5.3)}) 18... Kh7 19. Bxd6 Bxd6 20. Qd3+ g6 21. Qxd6 Qg5+ 22. Qg3 Qf6 23. Rd7 Rhd8 24. Rfd1 Rxd7 25. Rxd7 Kg7 26. Qc7 Qxf3 27. Qc3+ Qxc3 28. bxc3 Rc8 29. Rxa7 Rxc3 30. a4 Ra3 31. Kg2 g5 32. Ra8 g4 33. Ra5 Kg6 34. Ra6+ f6 35. Ra8 h5 36. Ra5 h4 37. Ra8 h3+ 38. Kf1 Kg5 39. Ke2 Kf4 40. a5 Ra2+ 41. Ke1 f5 42. Rd8 Kf3 43. Rd3+ Kg2 44. Rd5 Kxh2 45. Rxf5 Kg2 46. Rf4 h2 47. Rxg4+ Kh3 0-1

[Event "Olympiad Women 2024"]
[Site "Budapest HUN"]
[Date "2024.09.18"]
[Round "7.27"]
[Board "4"]
[White "Lopez Rayo, Isabella"]
[Black "Duque, Raquel Dos Santos"]
[Result "1-0"]
[WhiteElo "1952"]
[BlackElo "1913"]
[PlyCount "55"]
[EventDate "2024.09.11"]
[WhiteTeam "Colombia"]
[BlackTeam "Portugal"]
[WhiteTeamCountry "COL"]
[BlackTeamCountry "POR"]

1. e4 c6 2. Nc3 d5 3. Nf3 Bg4 4. h3 Bxf3 5. Qxf3 e6 6. Be2 Nd7 7. O-O g6 8. Re1 Ne7 9. d4 Bg7 10. exd5 exd5 11. Bg5 O-O ({RR} 11... f6 12. Bd2 O-O 13. Bd3 f5 14. Ne2 Nf6 15. Bb4 Ne4 16. Qf4 Rf7 17. f3 Qd7 18. c3 Re8 19. Qh2 Nf6 20. Nf4 Nc8 21. Qg3 Qc7 22. Rxe8+ Nxe8 23. Re1 Nf6 24. Qh4 Nd6 25. Ne6 Qd7 26. Qg3 {1-0 Miranda Mesa,E (2472)-Gutierrez Delgado,Y (2316) 2nd Mi Veracruz Open 2024 (3.4)}) 12. Bd3 Re8 13. Ne2 h6 $146 ({RR} 13... Nf8 14. c3 Qd7 15. h4 Nc8 16. Ng3 Nd6 17. Bf6 Re6 18. Rxe6 Qxe6 19. Bxg7 Kxg7 20. Qe2 a5 21. a4 Re8 22. Qxe6 Nxe6 23. Ne2 c5 24. Bb5 Nxb5 25. axb5 cxd4 26. cxd4 b6 27. Rc1 Nc7 28. Rxc7 {½-½ De la Villa Garcia,J (2465)-Khenkin,I (2638) Andorra op 21st 2003 (4)}) 14. Bd2 Nf6 15. Bxh6 Bxh6 16. Qxf6 Qb6 17. Rab1 Rad8 18. c3 Nc8 19. Ng3 Bg7 20. Qg5 Nd6 21. h4 Rxe1+ 22. Rxe1 Re8 23. Rxe8+ Nxe8 24. h5 Qxb2 25. hxg6 f6 26. Qe3 Kf8 27. Qe6 Qc1+ 28. Bf1 1-0

[Event "Olympiad Women 2024"]
[Site "Budapest HUN"]
[Date "2024.09.18"]
[Round "7.28"]
[Board "1"]
[White "Timergazi, Layla"]
[Black "Goossens, Hanne"]
[Result "0-1"]
[WhiteElo "1979"]
[BlackElo "2189"]
[PlyCount "84"]
[EventDate "2024.09.11"]
[WhiteTeam "New Zealand"]
[BlackTeam "Belgium"]
[WhiteTeamCountry "NZL"]
[BlackTeamCountry "BEL"]

1. d4 d5 2. c4 c6 3. Nc3 Nf6 4. Nf3 dxc4 5. a4 Bf5 6. e3 e6 7. Bxc4 Bb4 8. Qb3 a5 9. O-O Nbd7 10. Na2 Bd6 11. Qxb7 ({RR} 11. h3 Qc7 12. Bd3 O-O 13. Re1 Bxd3 14. Qxd3 e5 15. Nc3 Rad8 16. Qe2 Rfe8 17. g3 exd4 18. Nxd4 Bxg3 19. fxg3 Qxg3+ 20. Kh1 Ne5 21. Rg1 Qxh3+ 22. Qh2 Qxh2+ 23. Kxh2 c5 24. Nde2 Nf3+ 25. Kg2 Nxg1 {0-1 Ainakul,M (1935)-Mero,A (1817) FIDE World Rapid Team 2024 (10.6)}) 11... Rb8 12. Qa6 O-O 13. Bd3 Ne4 $146 ({RR} 13... Nc5 14. dxc5 Bxd3 15. Qxc6 Bxf1 16. Kxf1 Be5 17. Bd2 Qd3+ 18. Ke1 Bxb2 19. Rd1 Rfd8 20. Nc1 Bxc1 21. Rxc1 Rb1 22. Rxb1 Qxb1+ 23. Ke2 Qd3+ 24. Ke1 Rb8 25. Bc1 h6 26. Qd6 Qc3+ 27. Bd2 Rb1+ 28. Ke2 {½-½ Kovacs,A (2189)-Gyurkovics,M (2236) HUN-chT2 9900 1999 (9)}) ({RR} 13... Rb6 14. Qc4 Bg4 15. Ng5 h6 16. Ne4 Nxe4 17. Bxe4 Qh4 18. g3 Qh5 19. Bg2 Be2 20. Qc2 Bxf1 21. Bxf1 Rfb8 22. Nc3 f5 23. Bc4 Qg6 24. e4 Kh8 25. exf5 exf5 26. Bd3 Rf8 27. Be3 Rbb8 28. Ne2 {1-0 Pintor,S (1490)-Ribeiro,D (2057) Boavista-ch 3rd 2004 (8)}) ({RR} 13... Rb6 14. Qc4 Ne4 15. Qc2 Ndf6 16. Nc3 Nxc3 17. bxc3 Bg4 18. Ne5 Re8 19. h3 Bh5 20. Nc4 Rb7 21. Nxd6 Qxd6 22. e4 e5 23. f4 Nd7 24. fxe5 Qc7 25. Bf4 Qd8 26. Rab1 Rxb1 27. Rxb1 Nf8 28. Bg3 {½-½ Bus,K (1994)-Matras Clement,A (2264) POL-ch Teachers 2012 (8)}) 14. Qc4 c5 15. Qc2 Ndf6 16. Nc3 Nxc3 17. bxc3 Bxd3 18. Qxd3 cxd4 19. cxd4 Nd5 20. e4 Nb4 21. Qe2 Qd7 22. Bg5 Rfc8 23. e5 Bf8 24. Rfd1 h6 25. Be3 Nc2 26. Ra2 Nb4 27. Raa1 Nd5 28. Bd2 Bb4 29. Qd3 Bxd2 30. Qxd2 Rb4 31. g4 Rc3 32. Ne1 Rxa4 33. Ng2 Rcc4 34. Rxa4 Qxa4 35. Ne3 Nxe3 36. fxe3 Rc2 37. Qe1 Qa2 38. Qg3 Qd5 39. Ra1 Qe4 40. h3 a4 41. g5 h5 42. g6 fxg6 0-1

[Event "Olympiad Women 2024"]
[Site "Budapest HUN"]
[Date "2024.09.18"]
[Round "7.28"]
[Board "2"]
[White "Vanduyfhuys, Daria"]
[Black "Zhang, Jasmine Haomo"]
[Result "0-1"]
[WhiteElo "2112"]
[BlackElo "1956"]
[PlyCount "154"]
[EventDate "2024.09.11"]
[WhiteTeam "Belgium"]
[BlackTeam "New Zealand"]
[WhiteTeamCountry "BEL"]
[BlackTeamCountry "NZL"]

1. d4 d5 2. c4 e6 3. Nf3 Nf6 4. Nc3 Be7 5. Bg5 h6 6. Bh4 O-O 7. e3 Nbd7 8. Qc2 c5 9. cxd5 Nxd5 10. Bxe7 Nxe7 11. Be2 ({RR} 11. dxc5 Nxc5 12. Be2 Qb6 13. O-O Bd7 14. Ne5 Rfd8 15. Nxd7 Rxd7 16. Rfd1 Rc8 17. Rac1 Rdc7 18. Bf3 Nd7 19. Qd2 Qa5 20. Rb1 Nb6 21. Be2 Ned5 22. Nxd5 Qxd5 23. Qxd5 Nxd5 24. a3 Kf8 25. Kf1 Ke7 {½-½ Giri,A (2752)-Le,Q (2731) Saint Louis Blitz 2023 (17.5)}) 11... Nc6 ({RR} 11... b6 12. O-O Bb7 13. Rfd1 Qc8 14. Rac1 Rd8 15. dxc5 Nxc5 16. Rxd8+ Qxd8 17. Rd1 Qc8 18. Nd4 Nd5 19. Nxd5 Bxd5 20. Bf3 Bxf3 21. Nxf3 Qb7 22. Rd4 Rc8 23. h3 a5 24. Qd1 {½-½ Deutsch,E (2287)-Alekseev,E (2548) TCh-ISR 2024 (1.5)}) 12. Rd1 Qe7 13. O-O cxd4 $146 ({RR} 13... Nf6 14. Rd2 cxd4 15. Nxd4 Nxd4 16. Rxd4 Bd7 17. Bf3 e5 18. Rd2 Be6 19. Rfd1 Rac8 20. Qa4 a6 21. Nd5 Nxd5 22. Bxd5 Bxd5 23. Rxd5 Rfd8 24. Qg4 Qc7 25. h3 Rxd5 26. Rxd5 Rd8 27. e4 Rxd5 28. exd5 {1-0 Gorishniy,Y (2001)-Zanozin,A (2145) Nizhnij Novgorod Region-ch 2007}) ({RR} 13... Nf6 14. Ne5 cxd4 15. Nxc6 bxc6 16. Rxd4 c5 17. Rd2 Bb7 18. Rfd1 Rac8 19. Qa4 Bc6 20. Qa5 Rb8 21. b3 Qb7 22. Bf1 Qb4 23. Qa6 Rfc8 24. Rc2 Qb6 25. Na4 Qxa6 26. Bxa6 Rd8 27. Rxd8+ Rxd8 28. Nc3 {1-0 Brunner,L (2430)-Glienke,M (2300) Bundesliga 8687 1986 [7]}) 14. Nxd4 Nxd4 15. Rxd4 Nf6 16. Rfd1 b6 17. Qa4 a6 18. Qc6 Rb8 19. Qd6 Qxd6 20. Rxd6 b5 21. Bf3 Ne8 22. Rd8 Nc7 23. Kf1 f5 24. Bc6 Kf7 25. f4 Rxd8 26. Rxd8 Rb6 27. Bf3 Rb8 28. Ne2 Ke7 29. Rg8 Ne8 30. Nd4 Kf7 31. Rh8 Bd7 32. Ke1 a5 33. Kd2 Rc8 34. Be2 b4 35. Nf3 Rd8 36. Ne5+ Ke7 37. Kc2 Ba4+ 38. b3 Rc8+ 39. Kd2 Rd8+ 40. Ke1 Bd7 41. Rg8 Rb8 42. Nxd7 Kxd7 43. Bh5 g5 44. fxg5 hxg5 45. Bxe8+ Rxe8 46. Rxg5 Rh8 47. h3 Kd6 48. Rg7 Rc8 49. Kd2 Ke5 50. h4 Rh8 51. g3 Ke4 52. Ke2 Rc8 53. Rd7 e5 54. Kd2 Rg8 55. Ra7 Rxg3 56. Rxa5 Rg2+ 57. Kd1 Rh2 58. Rc5 Rxa2 59. Rc2 Ra3 60. h5 Kxe3 61. h6 Ra1+ 62. Rc1 Ra2 63. Rc2 Ra1+ 64. Rc1 Ra6 65. Rc5 e4 66. Rxf5 Rxh6 67. Rb5 Kd3 68. Rd5+ Kc3 69. Re5 Rh4 70. Ke2 Kxb3 71. Ke3 Kb2 72. Rb5 b3 73. Kd2 Rh2+ 74. Ke3 Rh4 75. Kd2 Rh3 76. Rb8 Rd3+ 77. Ke2 Kc2 0-1